Brand logos with blue - Statistics

General Stats
  • This quiz has been taken 26 times
  • The average score is 13 of 16
Answer Stats
Picture Answer % Correct
Google
100%
Instagram
100%
Domino's
92%
Redbull
92%
Twitter
92%
BMW
88%
Microsoft
88%
Paypal
88%
Pepsi
88%
Samsung
88%
Playstation
83%
Safari
83%
Wendy's
83%
AT&T
67%
Chips Ahoy!
67%
Klondike
42%
No matching quizzes found
Score Distribution
Percent of People with Each Score
Percentile by Number Answered
Your Score History
You have not taken this quiz